MARC

LEADER 00000nam0a2200000 4500
001 166750
005 20231031162556.0
020 |a RU  |b 81-54836 
035 |a (RuTPU)RU\TPU\book\180880 
090 |a 166750 
100 |a 20091006d1981 m a0rusy5003 ca 
101 0 |a rus 
102 |a RU 
105 |a y z 001zy 
200 1 |a Единство научного знания  |f В. П. Каратеев 
210 |a Саратов  |c Изд-во Сарат. ун-та  |d 1981 
215 |a 190 с.  |d 20 см. 
610 1 |a научное знание 
610 1 |a методология 
610 1 |a науки 
610 1 |a взаимодействие 
610 1 |a философские проблемы 
686 |a А513  |2 rubbk 
700 1 |a Каратеев  |b В. П.  |g Виталий Павлович  |4 070 
801 0 |a RU  |b RuMRKP  |c 19950704  |g psbo 
801 1 |a RU  |b 63413507  |c 20091006 
801 2 |a RU  |b 63413507  |c 20100608  |g RCR 
942 |c BK